Zreálnenie hodnôt migrácií medzi Slovenskou a Českou republikou v rokoch 1995-2008

Porovnanie údajov ŠÚ SR o migrácii medzi SR a ČR za obdobie 1995-2003 a údajov z Českého štatistického úradu.

Saved in:
Bibliographic Details
Main Author: Čief, Rastislav
Format: Book Chapter
Language:Slovak
Subjects:
Tags: Add Tag
No Tags, Be the first to tag this record!

MARC

LEADER 00000naa a2200000 4500
001 0143437
005 20220715094132.2
041 0 |a slo 
044 |a SK 
245 1 0 |a Zreálnenie hodnôt migrácií medzi Slovenskou a Českou republikou v rokoch 1995-2008  |c Rastislav Čief 
520 |a Porovnanie údajov ŠÚ SR o migrácii medzi SR a ČR za obdobie 1995-2003 a údajov z Českého štatistického úradu. 
610 2 0 |a Česko 
610 2 0 |a Slovensko 
610 2 0 |a údaje štatistické medzinárodné 
610 2 0 |a porovnanie medzinárodné 
610 2 0 |a migrácia 
100 1 |a Čief, Rastislav